Saltar al contenido

Журнал социологических исследований, 2024, № 3 Журнал

Guardado en:
Detalles Bibliográficos
Formato: Журнал
Edición:1
Acceso en línea:https://znanium.ru/catalog/document?id=454156
https://znanium.ru/cover/2177/2177433.jpg
Etiquetas: Agregar Etiqueta
Sin Etiquetas, Sea el primero en etiquetar este registro!
LEADER 01236nam0a2200301 i 4500
001 RU\infra-m\znanium\bibl\2177433
003 https://znanium.ru/catalog/document?id=454156
005 20250131000000.0
100 |a 20250131d2024 m y0rusy0150 ca 
101 0 |a rus 
102 |a RU 
200 1 |a Журнал социологических исследований, 2024, № 3  |e Журнал 
205 |a 1 
210 1 |a Москва  |c ООО "Научно-издательский центр ИНФРА-М"  |d 2024 
215 |a 47 с. 
606 |a Политика. Социология  |x Социология  |2 local 
608 |a Журнал  |2 local 
675 |a 31  |z rus 
686 |a 39.03.01  |2 okso 
686 |a 39.03.02  |2 okso 
686 |a 39.04.01  |2 okso 
686 |a 39.04.02  |2 okso 
686 |a 39.06.01  |2 okso 
686 |a 39.07.01  |2 okso 
686 |a 41.03.06  |2 okso 
801 0 |a RU  |b Общество с ограниченной ответственностью «ЗНАНИУМ»  |c 20241001  |2 rusmarc 
856 4 |a znanium.ru  |m ebs_support@infra-m.ru  |n НИЦ ИНФРА-М  |u https://znanium.ru/catalog/document?id=454156 
856 4 1 |a znanium.ru  |d /cover/2177  |f 2177433.jpg  |q image/jpeg  |u https://znanium.ru/cover/2177/2177433.jpg